000 00227 a2200097 4500
001 23605
100 _aHodson, H.V
245 _aGreat divide: Britain India and Pakistan
260 _a
_bHutchinson
_c1969
090 _c15990
_d15990
942 _aNUST-CAE
_cM
_c6658
999 _c258678
_d258678